Wereldleiders op foto - Statistieken

Algemene statistieken
  • Deze quiz is 69 keer genomen
  • De gemiddelde score is 6 van 20
Antwoordstatistieken
Foto Antwoord % Correct
Barack Obama
93%
Angela Merkel
75%
Nelson Mandela
73%
Vladimir Putin
66%
Emmanuel Macron
54%
Fidel Castro
42%
Theresa May
39%
Justin Trudeau
34%
Saddam Hussein
31%
Silvio Berlusconi
31%
Kim Jong-il
27%
Paus Francis
22%
Robert Mugabe
19%
Hugo Chávez
15%
Benjamin Netanyahu
10%
Lula da Silva
7%
Muammar Gaddafi
3%
Narendra Modi
3%
Suharto
3%
King Abdullah
2%
Geen overeenkomende quizzen gevonden
Scoreverdeling
Procent van Mensen met Elke Score
Percentiel versus Aantal Correcte Antwoorden
Uw Scoregeschiedenis
U heeft deze quiz nog niet genomen